12 Ways Not to Spell 'Raven' Quiz Stats

 Plays Quiz Updated Aug 11, 2015

Challenge
Share
Tweet
Embed
Score 0/12 Timer 01:30
4 Plays Today
% Correct
Riven
92.7%
Haven
91.5%
Roven
89.4%
Raves
87.1%
Raved
87%
Raver
84.2%
Ravin
84.2%
Ravel
82%
Maven
80.8%
Ravey
70.1%
Ramen
67.6%
Daven
63.6%

You're not logged in!

Compare scores with friends on all Sporcle quizzes.
Join for Free
OR
Log In

You Might Also Like...

Show Comments

Extras

Top Quizzes Today


Score Distribution

Your Account Isn't Verified!

In order to create a playlist on Sporcle, you need to verify the email address you used during registration. Go to your Sporcle Settings to finish the process.

Report this User

Report this user for behavior that violates our Community Guidelines.

Details: